Technologies and trust (Record no. 96964)

MARC details
000 -LEADER
fixed length control field 01561nam a2200253Ii 4500
008 - FIXED-LENGTH DATA ELEMENTS--GENERAL INFORMATION
fixed length control field 221202s xx 000 0 und d
100 1# - MAIN ENTRY--PERSONAL NAME
Personal name Giannandrea, Lorella,
Relator term author
245 #0 - TITLE STATEMENT
Title Technologies and trust
264 ## - PRODUCTION, PUBLICATION, DISTRIBUTION, MANUFACTURE, AND COPYRIGHT NOTICE
Name of producer, publisher, distributor, manufacturer FrancoAngeli
Date of production, publication, distribution, manufacture, or copyright notice 2017
300 ## - PHYSICAL DESCRIPTION
Extent 1 online resource
336 ## - CONTENT TYPE
Content type term text
Content type code txt
Source rdacontent
337 ## - MEDIA TYPE
Media type term computer
Media type code c
Source rdamedia
338 ## - CARRIER TYPE
Carrier type term online resource
Carrier type code cr
Source rdacarrier
490 ## - SERIES STATEMENT
Series statement Media e tecnologie per la didattica - Open Access
Volume/sequential designation 4
520 ## - SUMMARY, ETC.
Summary, etc. What is trust and how new technologies are changing or affecting the concept of trust? This publication offers insights from researchers working in educational technology and distance education, collected in the frame of the European FP-7 Marie-Curie People project "Stimulators and inhibitors of a culture of trust in educational interactions assisted by modern information and communication technology", and provides examples of implications of trust for successful learning experiences in distance education. The research goal is to understand how trust has changed or is changing: this is related not only to the modification of the meaning, but also indicators upon which people built their judgements.
653 ## - INDEX TERM--UNCONTROLLED
Uncontrolled term Distance Education
653 ## - INDEX TERM--UNCONTROLLED
Uncontrolled term Educational Technology
653 ## - INDEX TERM--UNCONTROLLED
Uncontrolled term Learning
653 ## - INDEX TERM--UNCONTROLLED
Uncontrolled term Technology
653 ## - INDEX TERM--UNCONTROLLED
Uncontrolled term Trust
700 1# - ADDED ENTRY--PERSONAL NAME
Personal name Giuseppe Rossi, Pier
856 ## - ELECTRONIC LOCATION AND ACCESS
Uniform Resource Identifier <a href="https://docs.google.com/spreadsheets/d/1yKIrdCPDAG_9c22mwoOIO2DOhtj65Wqa/edit?usp=sharing&ouid=106555315294820607512&rtpof=true&sd=true ">https://docs.google.com/spreadsheets/d/1yKIrdCPDAG_9c22mwoOIO2DOhtj65Wqa/edit?usp=sharing&ouid=106555315294820607512&rtpof=true&sd=true </a>
Link text List of Curated E-Books
942 ## - ADDED ENTRY ELEMENTS (KOHA)
Koha item type E-Book

No items available.

University of Rizal System
Email us at univlibservices@urs.edu.ph

Visit our Website www.urs.edu.ph/library